=LDR 00000nam 2200000 4500 =001 INLIS000000000021770 =005 20130612120609 =008 ***********************************Ind** =035 ##$$0010-061300000021770 =041 ##$$a Ind =082 ##$$a F Rom D =090 ##$$a F Rom D, Sir c =100 ##$$a Siregar, Adzimattinur =245 ##$$a Cover boy lemot, Adzimattinur Siregar =260 ##$$a 2004 $b Jakarta =300 ##$$a 128 hlm, ilus, 18 cm =650 ##$$a Fiksi Dewasa =850 ##$$a NBPNMAT